000 004350000a22001810004500
003 LK-CoMWRAF
005 20230915232026.0
008 230817t1991 ||||| |||| 00| 0 eng d
040 _aLK-CoMWRAF
_dLK-CoMWRAF
_eLK-CoMWRAF
041 _aeng
082 _a297.09
_bCHO
100 _aChoueiri, Youssef M.
245 _aIslamic fundamentalism
260 _aNew Delhi :
_bCBS.
_c1991
300 _a178p
650 _aIslam
942 _cBK
999 _c2825
_d2825